路線網のシルエットクイズ(近畿地方) - Statistics

General Stats
  • This quiz has been taken 455 times
  • The average score is 13 of 18
Answer Stats
Picture Answer % Correct
大阪市高速電気軌道
99%
近畿日本鉄道
97%
南海電気鉄道
96%
阪急電鉄
95%
京阪電気鉄道
93%
京都市交通局
88%
阪神電気鉄道
81%
神戸新交通
72%
山陽電気鉄道
69%
神戸市交通局
67%
神戸電鉄
63%
阪堺電気軌道
62%
WILLER TRAINS
56%
叡山電鉄
53%
能勢電鉄
53%
京福電気鉄道
48%
近江鉄道
45%
大阪モノレール
45%
No matching quizzes found
Score Distribution
Percent of People with Each Score
Percentile by Number Answered
Your Score History
You have not taken this quiz